| 000 | 04173cam a22005414a 4500 | ||
|---|---|---|---|
| 001 | muse27588 | ||
| 003 | MdBmJHUP | ||
| 005 | 20210127151026.0 | ||
| 006 | m o d | ||
| 007 | cr||||||||nn|n | ||
| 008 | 130920r20132013si o 00 0 eng d | ||
| 020 | _a9789971697624 | ||
| 020 | _z9789971697013 | ||
| 035 | _a(OCoLC)866988901 | ||
| 040 |
_aMdBmJHUP _cMdBmJHUP |
||
| 043 |
_aa-vt--- _aa-cb--- _aa-ls--- |
||
| 050 | 4 |
_aDS553.1 _b.I587 2013 |
|
| 082 | 0 |
_a959 _223 |
|
| 245 | 0 | 0 |
_aInteractions with a Violent Past _bReading Post-Conflict Landscapes in Cambodia, Laos and Vietnam / _cedited by Vatthana Pholsena and Oliver Tappe. |
| 264 | 1 | _bProject Muse, | |
| 264 | 3 | _bProject MUSE, | |
| 300 |
_a1 online resource (xi, 300 pages) : _billustrations, maps. |
||
| 500 | _aIssued as part of book collections on Project MUSE. | ||
| 504 | _aIncludes bibliographical references (pages 264-290) and index. | ||
| 505 | 0 | _aAcknowledgements -- Introduction the "American war," post-conflict landscapes, and violent memories / Oliver Tappe and Vatthana Pholsena -- National memorial sites and personal remembrance : remembering the dead of Tuol Sleng and Choeung Ek at the ECCC in Cambodia / Sina Emde -- National lieu de memoire vs. multivocal memories : the case of Viengxay, Lao PDR / Oliver Tappe -- War-martyr bia : commemoration and perdurability in rural Vietnam / Markus Schlecker -- Laos : living with unexploded ordnance : past memories and present realities / Elaine Russell -- War debris in postwar society : managing risk and uncertainty in the DMZ / Christina Schwenkel -- A social reading of a post-conflict landscape : Route 9 in southern Laos / Vatthana Pholsena -- Redefining Agent Orange, mitigating its impacts / Susan Hammond -- Aesthetic forms of post-conflict memory : inspired vessels of memory in northeast Cambodia / Krisna Uk -- Remembering old homelands : the Houay Ho Dam, the resettlement of the Heuny (Nya Heun), memory, and the struggle for places -- Ian G. Baird -- Bibliography -- Contributors -- Index. | |
| 506 | 0 |
_aOpen Access _fUnrestricted online access _2star |
|
| 520 | _aThere has been little research on the lasting impact of the violence of Second and Third Indochina Wars on local societies and populations, in Vietnam as well as in Laos and Cambodia. Today's Lao, Vietnamese and Cambodian landscapes bear the imprint of competing violent ideologies and their perilous material manifestations. From battlefields and massively bombed terrain to reeducation camps and resettled villages, the past lingers on in the physical environment. The nine essays in this volume discuss post-conflict landscapes as contested spaces imbued with memory-work conveying differing interpretations of the recent past, expressed through material (even, monumental) objects, ritual performances, and oral narratives (or silences). While Cambodian, Lao and Vietnamese landscapes are filled with tenacious traces of a violent past, creating an unsolicited and malevolent sense of place among their inhabitants, they can in turn be transformed by actions of resilient and resourceful local communities. | ||
| 588 | _aDescription based on print version record. | ||
| 650 | 0 |
_aIndochinese War, 1946-1954 _zLaos. |
|
| 650 | 0 |
_aIndochinese War, 1946-1954 _zCambodia. |
|
| 650 | 0 |
_aIndochinese War, 1946-1954 _zVietnam. |
|
| 655 | 0 | _aElectronic books. | |
| 655 | 7 |
_aElectronic books. _2local |
|
| 700 | 1 |
_aTappe, Oliver, _eeditor of compliation. |
|
| 700 | 1 |
_aVatthana Pholsena, _eeditor of compliation. |
|
| 710 | 2 |
_aProject Muse, _edistributor. |
|
| 776 | 1 | 8 |
_iPrint version: _z9971697017 _z9789971697013 |
| 710 | 2 |
_aProject Muse. _edistributor |
|
| 830 | 0 | _aBook collections on Project MUSE. | |
| 856 | 4 | 0 |
_zFull text available: _uhttps://muse.jhu.edu/book/23999/ |
| 945 | _aProject MUSE - 2013 Global Cultural Studies | ||
| 945 | _aProject MUSE - 2013 Complete | ||
| 945 | _aProject MUSE - 2013 Asian and Pacific Studies | ||
| 999 |
_c24352 _d24352 |
||